000 00632nam a2200277Ia 4500
005 20260401122309.0
008 008 250103s9999 xx 000 0 eng d
020 _a9780754641025
037 _aTB
040 _aEDL
040 _beng
040 _cEDL
041 _2eng
041 _aeng
084 _a940.21 EVA
084 _qEDL
245 0 _aCuriosity and Wonder From the Renaissance to the Enlightenment
260 _aEngland
260 _bAshgate Publishing Limited
260 _c2006
300 _a265p
942 _cTB
942 _h940.21 EVA
999 _c1846321
_d1846321